000
00332nam a2200145Ia 4500
005
20240814120832.0
008
240813s9999||||xx |||||||||||||| ||und||
082
_a
595.7 TAL
100
_a
Talley, Naomi
245
0
_a
Imported insects
260
_a
New York
_b
Dial Press
_c
1961
300
_a
64p
650
_a
Zoology
942
_c
BK
999
_c
14389
_d
14389